000 00592nam a2200217Ii 4500
001 9410
003 CO-ViMGA
008 241108s9999||||xx |||||||||||||| ||und||
020 _a8434816210
040 _aCO-ViMGA
_bspa
_erda
_cCO-ViMGA
041 0 _aspa
084 _aN JAN1j
100 1 _aJanosch
_948386
245 1 0 _aJuan Charlito y el indio invisible
264 1 _aMadrid, EspaƱa : S.M., 1989
300 _avolumen
336 _atext
_btxt
_2rdacontent
337 _aunmediated
_bn
_2rdamedia
338 _avolume
_bnc
_2rdacarrier
940 _aidficha_siabuc: 9200. -- ficha_no_siabuc:9410
999 _c43028
_d43028